000 01125nam a2200301 i 4500
003 DO-SdBNP
005 20240620140713.0
007 ta
008 240620s2001 sp 000 j spa d
020 _a8436934423
040 _aDO-SdBNP
_bspa
_cBNPHU
_erda
082 _bL142
_222
100 1 _aLacomba Vásquez, Joan
_95199
_eautor
245 1 3 _aEl Islam inmigrado :
_btransformaciones y adaptaciones de las prácticas culturales y religiosas /
_cJoan Lacomba Vásquez ; prólogo Ascensión Barañano
264 1 _aBilbao, España :
_bMinisterio de Educación, cultura y Deporte,
_bSecretaría de Estado de Cultura,
_c2001.
300 _a338 páginas,
_c23 cm.
336 _2rdacontent
_atexto
_btxt
337 _2rdamedia
_asin mediación
_bn
338 _2rdacarrier
_avolumen
_bnc
500 _aIncluye glosario.
500 _aIncluye notas a pie de páginas.
504 _aBibliografía p: 315-328
586 _aPremio de Investigación Cultural "Marqués de Lozoya", 2000.
590 _aInventariado, 2024/ YL
700 1 _aBarañano, Ascensión
_eprólogo
_985718
910 _aYLockward
942 _2ddc
_cLBS1
999 _c56908
_d56908